Statistics for Best Metal Performance Grammy Award Winners

Click here to take the quiz!

General Stats

  • This quiz has been taken 177 times
    (78 since last reset)
  • The average score is 17 of 30

Answer Stats

HintAnswer% Correct
1990Metallica
100%
1991Metallica
100%
1992Metallica
100%
2009Metallica
100%
1999Metallica
100%
2004Metallica
100%
2017Megadeth
83%
2008Slayer
80%
2007Slayer
80%
2011Iron Maiden
77%
2006Slipknot
71%
2010Judas Priest
64%
2014Black Sabbath
59%
2000Black Sabbath
59%
2003Korn
59%
2005Motörhead
45%
1997Rage Against the Machine
45%
1994Ozzy Osbourne
42%
2016Ghost
36%
2002Tool
36%
1998Tool
36%
2020Tool
36%
2018Mastodon
29%
1995Soundgarden
29%
2001Deftones
23%
1996Nine Inch Nails
20%
1993Nine Inch Nails
20%
2015Tenacious D
11%
2021Body Count
8%
2019High on Fire
8%

Score Distribution

Percentile by Number Answered

Percent of People with Each Score

Your Score History

You have not taken this quiz since the last reset